| 000 | 00316nam a22001097a 4500 | ||
|---|---|---|---|
| 008 | 160630b xxu||||| |||| 00| 0 eng d | ||
| 100 |
_91542 _aDeshpande, S.V |
||
| 245 | _aPhysics with Numerical Problems & M.C.Qs. | ||
| 260 |
_aD _b Hempra _c2005 |
||
| 300 | _aPhysics with Numerical Problems & M.C.Qs. | ||
| 942 |
_2ddc _cBK |
||
| 999 |
_c1279 _d1279 |
||